[Event "London Classic op 10th"]
[Site "London"]
[Date "2018.12.15"]
[Round "7"]
[White "Hizarci, Bora"]
[Black "Vignati, Massimo"]
[Result "1-0"]
[WhiteElo "1453"]
[BlackElo "1710"]
[PlyCount "54"]
[EventDate "2018.12.09"]
[EventType "swiss"]
[EventRounds "9"]
[EventCountry "ENG"]
[SourceTitle "CBM 187 Extra"]
[Source "ChessBase"]
[SourceDate "2018.11.04"]
[SourceVersion "1"]
[SourceVersionDate "2018.11.04"]
[SourceQuality "1"]

1. d4 Nf6 2. c4 e6 3. Nc3 d5 4. Bg5 Bb4 5. cxd5 exd5 6. e3 0-0 7. Bd3 c5 8. Nge2 c4 9. Bc2 h6 10. Bh4 g5 11. Bg3 Bg4 12. 0-0 Bxc3 13. bxc3 Qa5 14. Bd6 Re8 15. Bb4 Qc7 16. Qd2 a5 17. Ba3 Nc6 18. h3 Bh5 19. Ng3 Bg6 20. Bxg6 fxg6 21. Qc2 Kg7 22. Rab1 h5 23. Rb5 h4 24. Ne2 Ne4 25. Rxd5 Qf7 26. Rb5 Rf8 27. Bxf8+ Rxf8 1-0

[Event "London Classic op 10th"]
[Site "London"]
[Date "2018.12.11"]
[Round "3"]
[White "De Coverly, Roger D"]
[Black "Vignati, Massimo"]
[Result "1/2-1/2"]
[WhiteElo "1951"]
[BlackElo "1710"]
[PlyCount "89"]
[EventDate "2018.12.09"]
[EventType "swiss"]
[EventRounds "9"]
[EventCountry "ENG"]
[SourceTitle "CBM 187 Extra"]
[Source "ChessBase"]
[SourceDate "2018.11.04"]
[SourceVersion "1"]
[SourceVersionDate "2018.11.04"]
[SourceQuality "1"]

1. e4 Nf6 2. e5 Nd5 3. c4 Nb6 4. c5 Nd5 5. Nf3 d6 6. cxd6 exd6 7. d4 dxe5 8. Nxe5 c6 9. Bd3 Nd7 10. Nxd7 Bxd7 11. 0-0 Be7 12. Nc3 0-0 13. Nxd5 cxd5 14. Qh5 g6 15. Qxd5 Bc6 16. Qb3 Qxd4 17. Bh6 Bd5 18. Qd1 Rfd8 19. Qe2 Bf8 20. Be3 Qf6 21. b3 Bd6 22. Rad1 Bf4 23. Bxf4 Qxf4 24. Rfe1 Qg5 25. g3 h5 26. Be4 Bxe4 27. Qxe4 b6 28. h4 Qf6 29. Qb7 a5 30. a4 Rab8 31. Rxd8+ Rxd8 32. Kg2 Kg7 33. Re3 Rd6 34. Rf3 Qe6 35. Qc7 Qd5 36. Qc3+ Qd4 37. Qxd4+ Rxd4 38. Rc3 Rb4 39. Kf3 Kf6 40. Re3 Kf5 41. Rd3 Ke5 42. Ke3 Re4+ 43. Kf3 Rb4 44. Ke3 Re4+ 45. Kf3 1/2-1/2